000 00621nam a2200205Ia 4500
999 _c53502
_d53502
003 GCL
005 20240530105136.0
008 140319s9999 xx 000 0 ara d
040 _aGCL /
_cGCL
082 0 4 _a214.9
_bم ا
100 1 _aمحمد اركون
245 1 0 _aالاسلام الاسرة الغد /
_cمحمد اركون
260 _a[S.N] :
_bدار التنوير للطباعة والنشر ،
_c1983
300 _a225 ص
650 0 4 _aالاسلام
650 0 4 _aالتاريخ الاسلامى
700 1 _aعلى المقلد (مترجم)
700 1 _aلوى عاردية
942 _2ddc
_cBK